| 000 | 00352 a2200157 4500 | ||
|---|---|---|---|
| 001 | 75529 | ||
| 020 | _a9788576767657 | ||
| 040 | _cAnchieta - Colégio São Paulo | ||
| 100 | _aMarsotto,Aurora | ||
| 240 | 1 | 0 |
_aEstúdio de dança _lpor |
| 245 | 1 | 0 | _aEstúdio de dança |
| 300 | _a136 | ||
| 362 | 0 | _a2010 | |
| 650 | 4 | _aLiteratura juvenil | |
| 942 | _cBK | ||
| 999 |
_c75529 _d75529 |
||